| 000 | 00826nam a22002777a 4500 | ||
|---|---|---|---|
| 001 | 0000904 | ||
| 003 | KOHA_MİRAKIL | ||
| 005 | 20260207001223.0 | ||
| 007 | ta | ||
| 008 | 081212b2007 tu |||gr||||#||||1|tur | | ||
| 020 |
_a9754710805 _cYTL13,305 |
||
| 040 |
_aTR-BiSEU _btur _cTR-BiSEU _erda |
||
| 041 | 0 | _atur | |
| 044 | _ctu | ||
| 050 |
_aPF3498 _b.O76 2007 |
||
| 245 | 0 |
_aÖrneklerle Almanca çeviri tekniği/ _cHazırlayan Tahir Devirci. |
|
| 264 | 1 |
_aİstanbul : _bFono Yayınları _c2007 |
|
| 300 | _a179 sayfa; 24 cm. | ||
| 336 |
_ametin _btxt _2rdacontent |
||
| 337 |
_aaracısız _bn _2rdamedia |
||
| 338 |
_acilt _bnc _2rdacarrier |
||
| 500 | _aDizin var. | ||
| 650 | 0 |
_aGerman language--Textbooks for foreign speakers. _93484 |
|
| 650 | 0 |
_aAlman dili--Yabancılar için ders kitapları. _93485 |
|
| 942 |
_2lcc _cBK |
||
| 999 |
_c899 _d899 |
||